Advisory Councils : A Theoretical and Practical Guide for Program Planners

Bibliographic Details
Main Authors: Cole, Jacquelyn M. (Author), Cole, Maurice F. (Author)
Format: Book
Language:English
Published: Englewood Cliffs : Prentice-Hall 1983
Subjects:

MARC

LEADER 00000cam a2200000 7i4500
001 0000000062
005 20240919.0
008 991122 nju eng
020 |a 0130181846 
040 |a INS   |b eng   |e rda 
090 0 0 |a LC220   |b .C64 1983 
100 1 |a Cole, Jacquelyn M. ,   |e author 
245 1 0 |a Advisory Councils :   |b A Theoretical and Practical Guide for Program Planners   |c Jacqueline M. Cole 
264 1 |a Englewood Cliffs :   |b Prentice-Hall   |c 1983 
264 4 |c ©1983 
300 |a xiii, 207 pages :   |b illustrations ;   |c 24 cm. 
336 |a text  |2 rdacontent 
337 |a unmediated  |2 rdamedia 
338 |a volume  |2 rdacarrier 
500 |a Includes index 
650 0 |a Citizen's advisory committes in education 
650 0 |a Community and college 
700 1 |a Cole, Maurice F. ,   |e author 
999 |a 0000002101   |b BOOK   |c Open Shelf   |e Default branch